| 000 | 00481nam a2200181 a 4500 | ||
|---|---|---|---|
| 090 |
_aRE _b00013 |
||
| 041 | _aspa | ||
| 110 |
_bInstituto Geográfico Agustín Codazzi, IGAC _918570 |
||
| 245 | _aGran atlas regional andino | ||
| 260 |
_aBogotá _bIGAC _c1982 |
||
| 650 |
_aAtlas _992257 |
||
| 650 |
_aMapas _992258 |
||
| 650 |
_aGeografía _992259 |
||
| 650 |
_aNombres geográficos _992260 |
||
| 650 |
_aTopónimos _941099 |
||
| 662 |
_aColombia _cRegión Andina |
||
| 942 | _cIMPRESO | ||
| 999 |
_c1752 _d1752 |
||